<?xml version="1.0" encoding="UTF-8"?>
<collection xmlns:xsi="http://www.w3.org/2001/XMLSchema-instance" xsi:schemaLocation="http://www.loc.gov/MARC21/slim http://www.loc.gov/standards/marcxml/schema/MARC21slim.xsd" xmlns="http://www.loc.gov/MARC21/slim">
 <record>
  <leader>00000nam a2200000 i 4500</leader>
  <controlfield tag="001">UP-8027390931311668667</controlfield>
  <controlfield tag="003">Buklod</controlfield>
  <controlfield tag="005">20250310095141.0</controlfield>
  <controlfield tag="006">m    |o  d |      </controlfield>
  <controlfield tag="007">ta</controlfield>
  <controlfield tag="008">250310s2023    nyuda agr   b 000 0 eng  </controlfield>
  <datafield tag="020" ind1=" " ind2=" ">
   <subfield code="a">9781032302119</subfield>
   <subfield code="a">(paperback)</subfield>
  </datafield>
  <datafield tag="035" ind1=" " ind2=" ">
   <subfield code="a">22775030</subfield>
  </datafield>
  <datafield tag="037" ind1=" " ind2=" ">
   <subfield code="a">Pu-30043</subfield>
   <subfield code="c">PhP 1,819.80</subfield>
  </datafield>
  <datafield tag="040" ind1=" " ind2=" ">
   <subfield code="a">DLC</subfield>
   <subfield code="d">DCPA</subfield>
   <subfield code="e">rda</subfield>
  </datafield>
  <datafield tag="041" ind1="0" ind2=" ">
   <subfield code="a">eng</subfield>
  </datafield>
  <datafield tag="090" ind1="0" ind2="0">
   <subfield code="a">JF 1351</subfield>
   <subfield code="b">S353 2023</subfield>
  </datafield>
  <datafield tag="100" ind1="1" ind2=" ">
   <subfield code="a">Schiavo-Campo, Salvatore</subfield>
   <subfield code="e">author.</subfield>
  </datafield>
  <datafield tag="245" ind1="1" ind2="0">
   <subfield code="a">Public administration</subfield>
   <subfield code="b">the basics</subfield>
   <subfield code="c">Salvatore Schiavo-Campo.</subfield>
  </datafield>
  <datafield tag="264" ind1=" " ind2="1">
   <subfield code="a">New York</subfield>
   <subfield code="b">Routledge</subfield>
   <subfield code="c">2023</subfield>
  </datafield>
  <datafield tag="300" ind1=" " ind2=" ">
   <subfield code="a">xii, 249 pages</subfield>
   <subfield code="c">20 cm.</subfield>
  </datafield>
  <datafield tag="336" ind1=" " ind2=" ">
   <subfield code="a">text</subfield>
   <subfield code="b">txt</subfield>
   <subfield code="2">rdacontent</subfield>
  </datafield>
  <datafield tag="337" ind1=" " ind2=" ">
   <subfield code="a">unmediated</subfield>
   <subfield code="2">rdamedia</subfield>
  </datafield>
  <datafield tag="338" ind1=" " ind2=" ">
   <subfield code="a">volume</subfield>
   <subfield code="b">nc</subfield>
   <subfield code="2">rdacarrier</subfield>
  </datafield>
  <datafield tag="504" ind1=" " ind2=" ">
   <subfield code="a">Includes bibliographical references.</subfield>
  </datafield>
  <datafield tag="505" ind1="0" ind2="0">
   <subfield code="a">Public Administration and Government -- Policy Support and The Organizational Structure of Central Government -- Decentralization and the Organization of Subnational Government -- Managing the Money: Taxation, Budgeting and Expenditure -- Managing the People: Government Employment, Wage Policy, and Personnel Administration -- Managing the Purchases and Contracts: Government Procurement -- Government Regulation -- Providing Public Services -- Government Interaction With Private Business -- A Brief Concluding Word.</subfield>
  </datafield>
  <datafield tag="520" ind1=" " ind2=" ">
   <subfield code="a">There is a distinction between public policy (&quot;what is to be done&quot;) and public administration (&quot;how it is to be done&quot;). The outcomes of government policies depend in large part on how policies are executed and who is responsible for their execution. Public administration is the set of instruments -- the rules, incentives, organizations, information, systems and people -- to implement public policy. Public Administration: The Basics is a reader-friendly and up-to-date synthesis of the subject, complete with relatable examples, analogies, and real-world illustrations. &#13;
&#13;
The book, grounded on a sound conceptual basis, offers practical insight without jargon and, despite its short length, covers all major topics. The first three chapters describe the functions and organizational structure of government; the next three focus on the core issues of the management of public finances, government personnel, and public procurement; the final three chapters address government regulation, the provision of public services, and the interaction between government and the private sector. Public Administration: The Basics is an ideal first book for introductory public administration courses, as well as complementary reading for courses in political science, public economics and international affairs. The book also serves as an accessible reference for busy policymakers, civil servants and engaged citizens.</subfield>
   <subfield code="c">Provided by publisher.</subfield>
  </datafield>
  <datafield tag="650" ind1=" " ind2="0">
   <subfield code="a">Public administration</subfield>
   <subfield code="z">United States.</subfield>
  </datafield>
  <datafield tag="651" ind1=" " ind2="0">
   <subfield code="a">United States</subfield>
   <subfield code="x">Politics and government.</subfield>
  </datafield>
  <datafield tag="658" ind1=" " ind2=" ">
   <subfield code="a">Theory and Practice of Public Administration</subfield>
   <subfield code="c">PA 201.</subfield>
  </datafield>
  <datafield tag="905" ind1=" " ind2=" ">
   <subfield code="a">FO</subfield>
  </datafield>
  <datafield tag="852" ind1="0" ind2=" ">
   <subfield code="a">UPD</subfield>
   <subfield code="b">DCPA</subfield>
   <subfield code="h">JF 1351</subfield>
   <subfield code="i">S353 2023</subfield>
  </datafield>
  <datafield tag="942" ind1=" " ind2=" ">
   <subfield code="a">Book</subfield>
  </datafield>
 </record>
</collection>
